〈Minecraft〉食料となるアイテム - Statistics

General Stats
  • This quiz has been taken 641 times
  • The average score is 29 of 41
Answer Stats
種類 アイテム ヒント % Correct
農産系 パン クラフト
92%
農産系 ニンジン 素材
89%
農産系 ジャガイモ 素材
87%
畜産系 ステーキ 調理
86%
水産系 焼き鮭 調理
83%
腐った肉 空腹
83%
畜産系 焼き豚 調理
82%
畜産系 生の牛肉 素材
80%
畜産系 生の豚肉 素材
80%
畜産系 焼き鳥 調理
79%
水産系 フグ 有毒
79%
畜産系 生の鶏肉 素材
78%
農産系 ケーキ クラフト
77%
農産系 ベイクドポテト 調理
76%
農産系 ビートルート 素材
76%
農産系 金のリンゴ クラフト
75%
農産系 リンゴ 素材
74%
畜産系 生の羊肉 素材
74%
水産系 焼き鱈 調理
74%
畜産系 焼き羊肉 調理
73%
クモの目 有毒
73%
水産系 生鮭 素材
71%
農産系 金のニンジン クラフト
70%
水産系 生鱈 素材
69%
農産系 エンチャントされた金のリンゴ チェスト
66%
農産系 {ハチミツ}入りの瓶 素材
65%
農産系 コーラスフルーツ ワープ
65%
畜産系 生の兎肉 素材
65%
畜産系 焼き兎肉 調理
64%
農産系 青くなったジャガイモ 有毒
62%
農産系 ビートルートスープ クラフト
62%
農産系 キノコシチュー クラフト
62%
農産系 スイカの薄切り 素材
62%
農産系 パンプキンパイ クラフト
61%
水産系 熱帯魚 素材
58%
農産系 クッキー クラフト
56%
水産系 乾燥した昆布 調理
55%
畜産系 ウサギシチュー クラフト
54%
農産系 怪しげなシチュー クラフト
48%
農産系 スイートベリー 素材
41%
農産系 グロウベリー 素材
39%
No matching quizzes found
Score Distribution
Percent of People with Each Score
Percentile by Number Answered
Your Score History
You have not taken this quiz